Statistics for HTTP Status Codes

Click here to take the quiz!

General Stats

  • This quiz has been taken 24 times
  • The average score is 19 of 61

Answer Stats

ValueDescription% Correct
404Not Found
88%
200OK
81%
400Bad Request
69%
100Continue
69%
201Created
69%
202Accepted
56%
403Forbidden
56%
204No Content
56%
401Unauthorized
56%
502Bad Gateway
50%
500Internal Server Error
50%
402Payment Required
50%
308Permanent Redirect
50%
205Reset Content
50%
101Switching Protocols
50%
307Temporary Redirect
50%
302Found
44%
301Moved Permanently
44%
203Non-Authoritative Information
44%
304Not Modified
44%
206Partial Content
44%
409Conflict
38%
504Gateway Timeout
38%
410Gone
38%
405Method Not Allowed
38%
300Multiple Choices
38%
501Not Implemented
38%
102Processing
38%
305Use Proxy
38%
408Request Timeout
31%
303See Other
31%
503Service Unavailable
31%
103Early Hints
25%
507Insufficient Storage
25%
411Length Required
25%
207Multi-Status
25%
415Unsupported Media Type
25%
208Already Reported
19%
505HTTP Version Not Supported
19%
226IM Used
19%
406Not Acceptable
19%
412Precondition Failed
19%
407Proxy Authentication Required
19%
417Expectation Failed
13%
508Loop Detected
13%
413Payload Too Large
13%
429Too Many Requests
13%
414URI Too Long
13%
424Failed Dependency
6%
423Locked
6%
421Misdirected Request
6%
511Network Authentication Required
6%
510Not Extended
6%
428Precondition Required
6%
416Range Not Satisfiable
6%
431Request Header Fields Too Large
6%
422Unprocessable Entity
6%
426Upgrade Required
6%
506Variant Also Negotiates
6%
425Too Early
0%
451Unavailable For Legal Reasons
0%

Score Distribution

Percentile by Number Answered

Percent of People with Each Score

Your Score History

You have not taken this quiz